Kvantovopolevaja teorija tverdogo tela = Quantenfeld theorie des Festköpers
Salvato in:
| Autore principale: | |
|---|---|
| Natura: | Libro |
| Lingua: | russo |
| Pubblicazione: |
Moskva :
Nauka,
1980
|
| Edizione: | 1.vyd. |
| Soggetti: | |
| Tags: |
Nessun Tag, puoi essere il primo ad aggiungerne!!
|
MARC
| LEADER | 00000nam a22000003a 4500 | ||
|---|---|---|---|
| 001 | stu141699 | ||
| 005 | 20150617225925.8 | ||
| 008 | 070524s1980------------------------rus-d | ||
| 040 | |a STU |b slo | ||
| 041 | 0 | |a rus | |
| 080 | |a 539.2 | ||
| 100 | 1 | |a Haken, Hermann |4 aut | |
| 245 | 1 | |a Kvantovopolevaja teorija tverdogo tela = Quantenfeld theorie des Festköpers | |
| 250 | |a 1.vyd. | ||
| 260 | |a Moskva : |b Nauka, |c 1980 | ||
| 300 | |a 341 s | ||
| 500 | |a prel. z nemeckého orig. | ||
| 650 | 7 | |a molekulárne vlastnosti |2 stusub | |
| 996 | |b E46209 |c E*46209 |l EE10 |s P |a 0 |w stu141699_0001 | ||